• 首页
  • 本馆介绍
  • 公告通知
  • 最新文献
  • 馆藏检索
  • 电子资源
  • 读者导购
  • 参考咨询
  • 我的图书馆
  • 登录
  • 详细信息显示
  • 放入我的书架
  • 预约/预借图书
  • 作者相关作品
  • 分类相关作品
  • 丛书相关作品
  • 出版社相关作品

书目信息

  • 表格格式
  • 工作单格式
  • 卡片格式
题名:
九体硬笔书法字典
    
 
作者: 荆鸿 编写
分册:  
出版信息: 石家庄   河北人民出版社  1988.6
页数: 385页
开本: 20厘米
丛书名:
单 册:
中图分类: J292.12-61 , J292-61
科图分类:
主题词: 硬笔字—法帖--中国 , 法帖—硬笔字--中国
电子资源:
ISBN: 7-202-00114-4
000 00771nam0 2200265 45
001 0188016822
005 20061114142720.92
010    @a7-202-00114-4@dCNY4.30
020    @aCN@b88016822
100    @a19910417d1988 km y0chiy0120 ea
101 0  @achi
102    @aCN@b130000
105    @ay e 000yy
106    @az
200 10 @a九体硬笔书法字典@Ajiu ti ying bi shu fa zi dian@f荆 鸿编写@Fjing hong bian xie
210    @a石家庄@c河北人民出版社@d1988.6
215    @a385页@d20厘米
540 1  @a九体硬笔书法字典@Ajiu ti ying bi shu fa zi dian
606    @a硬笔字—法帖@y中国
606    @a法帖—硬笔字@y中国
690    @aJ292.12-61@v1980
690    @aJ292-61@v3
701  0 @a荆鸿@Ajing hong@4编写
801  0 @aCN@bTSSF@c20061114
905    @a10447@dJ292-61@e208
    
    九体硬笔书法字典/荆 鸿编写.-石家庄:河北人民出版社,1988.6
    385页;20厘米
    
    
    ISBN 7-202-00114-4:CNY4.30
    
●
相关链接 在E读中查询图书 在五车中查询图书 在当当中查询图书 在豆瓣中查询图书


正题名:九体硬笔书法字典     索取号:J292-61/208         预约/预借

序号 登录号 条形码 馆藏地/架位号 状态 备注
1 0218587   001210665   第一样本阅览室/ [索取号:J292-61/208] 在馆    
唐山师范学院图书馆 欢迎您!
大连网信软件有限公司© 版权所有